| 000 | 00801nam a2200229 a 4500 | ||
|---|---|---|---|
| 001 | 000021630 | ||
| 005 | 20200930011405.0 | ||
| 008 | 100909s2001 dr 000 0 spa d | ||
| 040 |
_aDO-SdBNP _bspa _cBNPHU |
||
| 082 |
_a972.9373 _bI37r, 2001 |
||
| 100 | 1 |
_aIncháustegui, Joaquín S. _945004 |
|
| 245 | 1 | 0 |
_aReseña histórica de Baní / _cJoaquín S. Incháustegui. |
| 250 | _a3a ed. | ||
| 260 |
_aBaní : _bAlianza Banileja, _c2001. |
||
| 300 |
_a342 p. ; _c22 cm. |
||
| 500 | _aIncluye índice onomástico. | ||
| 651 | 4 |
_aBaní (República Dominicana{Rpara} _xHistoria Local _96339 |
|
| 650 | 4 |
_aCiudades y pueblos _zRepública Dominicana _9784 |
|
| 651 | 4 |
_aBaní (República Dominicana{Rpara} _xVida Social Y Costumbres _98310 |
|
| 910 | _aValidado. Control de calidad BNPHU | ||
| 049 | _aBNPD | ||
| 999 |
_c21129 _d21129 |
||